Development Economics. (Record no. 635)

MARC details
005 - DATE AND TIME OF LATEST TRANSACTION
control field 20250314140054.0
020 ## - INTERNATIONAL STANDARD BOOK NUMBER
International Standard Book Number 81-224-1981-X
082 ## - DEWEY DECIMAL CLASSIFICATION NUMBER
Classification number 338.9 SOM
100 ## - MAIN ENTRY--PERSONAL NAME
Author name SOMASHEKAR,N.T.
245 ## - TITLE STATEMENT
Title Development Economics.
250 ## - EDITION STATEMENT
Edition statement 2ndEd.
260 ## - PUBLICATION, DISTRIBUTION, ETC.
Place of publication, distribution, etc. New Delhi,
Name of publisher, distributor, etc. New Age International(p)Limited, Publishers.
Date of publication, distribution, etc. 2007.
300 ## - PHYSICAL DESCRIPTION
Extent xx,584p.:Ill.;figures.
Dimensions 24cm.
942 ## - ADDED ENTRY ELEMENTS (KOHA)
Source of classification or shelving scheme Dewey Decimal Classification
Koha item type Books
Holdings
Date last seen Total checkouts Full call number Barcode Cost, replacement price Price effective from Koha item type Lost status Source of classification or shelving scheme Damaged status Not for loan Withdrawn status Home library Current library Shelving location Date acquired Cost, normal purchase price
03/14/2025   338.9 SOM 0000002593 63000.00 03/14/2025 Books   Dewey Decimal Classification       College of Business Education Main Library College of Business Education Main Library General Collection 03/14/2025 21000.00
03/14/2025   338.9 SOM 0000002594 63000.00 03/14/2025 Books   Dewey Decimal Classification       College of Business Education Main Library College of Business Education Main Library General Collection 03/14/2025 21000.00
03/14/2025   338.9 SOM 0000002595 63000.00 03/14/2025 Books   Dewey Decimal Classification       College of Business Education Main Library College of Business Education Main Library General Collection 03/14/2025 21000.00